000 00365nam a22001097a 4500
008 240627b |||||||| |||| 00| 0 eng d
100 _aSherwani, H.K.
_916053
245 _aCultural Trends in Medieval India
260 _aNew Delhi:
_bAsia Pub;
_c1968.
300 _a111p.
942 _cBK
999 _c39750
_d39750